| 000 | 01048cam a22003017a 4500 | ||
|---|---|---|---|
| 003 | CHAP | ||
| 005 | 20220329141444.0 | ||
| 008 | 971013s1987 r 00010 d | ||
| 010 | _a68453 | ||
| 011 | _a69425 | ||
| 035 | _a78901 | ||
| 040 | _cCHAP | ||
| 082 |
_a636.9063 _bS4 |
||
| 111 | 0 | 0 |
_aSeminario Regional Diseños Experimentales y Metodologías Estadísticas en Cacao _d(1987 : _cCoatlinchán, Méx.) _9104252 |
| 245 | 0 | _aPonencias | |
| 260 |
_a[s.l.] : _bUACH. Departamento de Zootecnia, _c1987 |
||
| 300 | _a153 p. | ||
| 590 |
_aBATCH-UPD _b10 _c20130110 _lUCH01 _h0814 |
||
| 590 |
_aBATCH-UPD _b10 _c20130410 _lUCH01 _h0451 |
||
| 590 |
_aBATCH-UPD _b10 _c20130914 _lUCH01 _h0909 |
||
| 590 |
_aCONVERSION _b10 _c20130109 _lUCH01 _h1338 |
||
| 650 | 1 | 4 |
_aCunicultura _xCongresos. _930450 |
| 710 | 0 |
_aCentro de Investigación Científica del Estado de México. _921137 |
|
| 901 | _aBK | ||
| 942 | _cLIBRO | ||
| 949 |
_a636.9063 S4 _bBC _cCONG _d-95027 _eCONG _fc.2 _h71827 _i78901 _si |
||
| 949 |
_a636.9063 S4 _bBC _cUACH _d-31778 _eUACH _h71826 _i78901 _si |
||
| 999 |
_c68453 _d68453 |
||